Statistics for 5 Groups of 5- Geography #2

Click here to take the quiz!

General Stats

  • This quiz has been taken 729 times
  • The average score is 23 of 25

Answer Stats

HintAnswer% Correct
Sovereign Nordic CountriesDenmark
100%
Sovereign Nordic CountriesNorway
100%
Sovereign Nordic CountriesSweden
100%
Sovereign Nordic CountriesFinland
99%
European Countries where French is OfficialFrance
99%
Sovereign Nordic CountriesIceland
99%
Southern African Countries (UN region)South Africa
99%
Countries straddling the HimalayasNepal
98%
Countries touching the Niger RiverNiger
98%
Countries touching the Niger RiverNigeria
98%
Countries straddling the HimalayasChina
97%
Countries straddling the HimalayasIndia
97%
European Countries where French is OfficialBelgium
96%
European Countries where French is OfficialSwitzerland
96%
Southern African Countries (UN region)Lesotho
94%
Countries straddling the HimalayasPakistan
92%
Southern African Countries (UN region)Botswana
91%
European Countries where French is OfficialMonaco
91%
Countries straddling the HimalayasBhutan
90%
European Countries where French is OfficialLuxembourg
90%
Southern African Countries (UN region)Namibia
90%
Southern African Countries (UN region)Eswatini
87%
Countries touching the Niger RiverMali
87%
Countries touching the Niger RiverBenin
76%
Countries touching the Niger RiverGuinea
56%

Score Distribution

Percentile by Number Answered

Percent of People with Each Score

Your Score History

You have not taken this quiz